Principles of Paleontology (Record no. 87982)

MARC details
000 -LEADER
fixed length control field 00322pam a2200145 a 4500
020 ## - INTERNATIONAL STANDARD BOOK NUMBER
Terms of availability
040 ## - CATALOGING SOURCE
Original cataloging agency GOAU_403206
041 ## - LANGUAGE CODE
Language code of original
082 ## - DEWEY DECIMAL CLASSIFICATION NUMBER
Classification number 560
Item number RAD
100 ## - MAIN ENTRY--PERSONAL NAME
Personal name Raup, David M
245 ## - TITLE STATEMENT
Title Principles of Paleontology
Medium Paper
260 ## - PUBLICATION, DISTRIBUTION, ETC.
Place of publication, distribution, etc. Delhi
Name of publisher, distributor, etc. CBS Publishers
Date of publication, distribution, etc. 1985
700 ## - ADDED ENTRY--PERSONAL NAME
Personal name Stanley, Steven M
930 ## - EQUIVALENCE OR CROSS-REFERENCE-UNIFORM TITLE HEADING [LOCAL, CANADA]
Uniform title 11079
Holdings
Withdrawn status Lost status Damaged status Not for loan Collection Home library Current library Date acquired Source of acquisition Cost, normal purchase price Total Checkouts Full call number Barcode Date last seen Copy number Price effective from Koha item type
          Yashwantrao Mohite College of Arts, Science And Commerce, Pune Yashwantrao Mohite College of Arts, Science And Commerce, Pune 23/06/2021 Varma Book Centeer 90.00   560 RAD YMP-33225 24/02/2023 1 24/02/2023 Book